00706cam a2200229u 450000100060000000300080000600500170001400800410003103500190007204000330009104100080012408200200013211000580015224501020021025000110031226000470032330000290037050400190039965000170041870000220043571000190045729761BD-RjUL20211209051445.0140407s1932 enka 001 0 eng d a(BD-RjUL)29846 aDLCcCarPdDLCdBD-RjULbeng aeng a137.3bPRO 19321 aPittsburgh.bAdjustment institute. [from old catalog]10aProblems of personality :bStudies Presented to Dr Morton Prince Pioneer in American Psychology / a2d ed. aLondon :c1932.bRoutledge and Kegan Paul, a434 p. :bill. ;c23cm. aIncludes Index 0aPersonality.1 aCampbeli, Macfie 1 aLangfeld, H. S